MARC

LEADER 00000nam0a2200000 4500
001 358275
005 20231102011058.0
035 |a (RuTPU)RU\TPU\retro\15543 
090 |a 358275 
100 |a 20200814d1981 km y0rusy50 ca 
101 0 |a rus 
102 |a RU 
105 |a a z 001zy 
200 1 |a Экспериментальное исследование и диагностирование роботов  |f Академия наук СССР, Институт машиноведения им. А. А. Благонравова ; под ред. Е. Г. Нахапетяна 
210 |a Москва  |c Наука  |d 1981 
215 |a 184 с.  |c ил. 
320 |a Библиогр. в конце ст. 
606 1 |a Автоматические системы регулирования  |x Исполнительные механизмы  |2 stltpush  |3 (RuTPU)RU\TPU\subj\774  |9 29580 
606 1 |a Роботы-манипуляторы, управляемые  |2 stltpush  |3 (RuTPU)RU\TPU\subj\25294  |9 49492 
610 1 |a экспериментальные исследования 
610 1 |a техническая диагностика 
610 1 |a динамические расчеты 
610 1 |a моделирование 
610 1 |a ЭВМ-моделирование 
610 1 |a системы управления 
610 1 |a промышленные роботы 
675 |a 681.587  |v 4 
675 |a 621.865.8-529  |v 4 
702 1 |a Нахапетян  |b Е. Г.  |4 340 
712 0 2 |a Академия наук СССР  |b Институт машиноведения им. А. А. Благонравова  |c (Москва)  |2 stltpush  |3 (RuTPU)RU\TPU\col\13568 
801 1 |a RU  |b 63413507  |c 20200814 
801 2 |a RU  |b 63413507  |c 20210317  |g RCR 
942 |c BK